Question | Answer | % Correct |
---|---|---|
What is Dennis Rodman’s Nickname? | The Worm | 80%
|
As of the 2019-2020 season what is the bulls current record? | 22-43 | 60%
|
What is the ‘Rose Rule’? • And yes it is related tho the bulls | When a player exceeds the rookie contract you must repay them. | 60%
|
Who did the Bulls get in return for Jimmy ‘Buckets’? | Zach LaVine & Chris Dunn | 60%
|
Which bulls player is fourth in all-time points? | Micheal Jordan | 0%
|
Copyright H Brothers Inc, 2008–2024
Contact Us | Go To Top | View Mobile Site